000 00766cam a2200265 4500500
005 20260405003817.0
041 _afre
042 _adc
100 1 0 _aDuru, Martin
_eauthor
245 0 0 _aRiccardo Ciavolella-Emanuele Coccia : penser l’ici depuis l’ailleurs
260 _c2023.
500 _a53
690 _aAilleurs
690 _aAnge
690 _aCartes
690 _aEmanuele Coccia
690 _aGéographie
690 _aHiérarchie
690 _aLieux
690 _aMythologie
690 _aNon-lieu
690 _aSécularisation
786 0 _nPhilosophie magazine | 175 | 12 | 2023-12-01 | p. 50-50 | 1951-1787
856 4 1 _uhttps://shs.cairn.info/magazine-philosophie-magazine-2023-12-1-page-50?lang=fr&redirect-ssocas=7080
999 _c2071039
_d2071039